| 000 | 00965nam a2200301Ia 4500 | ||
|---|---|---|---|
| 001 | 1424 | ||
| 003 | IT-RoPAU | ||
| 008 | 130308s9999 xx 000 0 und d | ||
| 040 | _aIT-RoPAU | ||
| 040 | _cIT-RoPAU | ||
| 041 | _aITALIANO | ||
| 100 | _aVolpi Domenico | ||
| 100 | _gCodice Aut. SPICS: 584 | ||
| 245 | _aRoma e Gerusalemme: un grande momento della storia | ||
| 245 | _bBen Hur | ||
| 250 | _a1a ed. | ||
| 260 | _aMILANO | ||
| 260 | _bEp/Gruppo Periodici | ||
| 260 | _c1976 [1° Ed.:1976 - Ed.Ling.Originale:1976] | ||
| 300 | _a"7 p. (prefazione: no ; testo: 7 [pagine: 7-13])" | ||
| 500 | _aIntroduzione Ai Due Fumetti del Volume romani e gli Schiavi Navi di Roma Gare del circo Lebbra e Lebbrosi la Thora Sadducei Farisei Zeloti Samaritanipersonaggi storici e luoghi Ricordati Dai Fumetti | ||
| 650 | _aAUTORI/OPERE DI FUMETTO | ||
| 650 | _eCodice materia Spics: 6707 | ||
| 942 | _cBK | ||
| 957 | _71 | ||
| 999 |
_c50428 _d50428 |
||
| 999 | _bSI | ||
| 999 | _g1 | ||